Größte Landkreise Deutschlands - Statistiken

Allgemein
  • Dieses Quiz wurde 57 mal gespielt
  • Das Durchschnittsergebnis liegt bei 8 aus 20
Antwortstatistiken
Fläche in km² Landkreis % Korrekt
5.495,59 Mecklenburgische Seenplatte
63%
2.297,13 Hannover, Region
58%
3.431,22 Rostock
58%
3.216,19 Vorpommern-Rügen
52%
2.127,06 Nordwestmecklenburg
50%
3.945,64 Vorpommern-Greifswald
50%
3.077,03 Uckermark
48%
2.883,64 Emsland
46%
4.766,76 Ludwigslust-Parchim
46%
2.424,01 Stendal
44%
2.138,53 Prignitz
42%
2.367,15 Börde
38%
2.294,16 Altmarkkreis Salzwedel
31%
2.158,65 Märkisch-Oderland
31%
2.256,75 Oder-Spree
29%
2.526,49 Ostprignitz-Ruppin
27%
2.274,52 Dahme-Spreewald
23%
2.592,04 Potsdam-Mittelmark
23%
2.395,60 Bautzen
19%
2.189,77 Rendsburg-Eckernförde
10%
Keine übereinstimmenden Quizze gefunden
Verteilung der Resultate
Anzahl Personen mit jedem Resultat
Perzentil nach korrekt beantworteten Fragen
Ihre Resultats-Entwicklung
Sie haben dieses Quiz noch nicht gespielt